000 00651nam a2200253Ia 4500
003 OSt
005 20221005113649.0
006 a|||||r|||| 00| 0
007 ta
008 221004b |||||||| |||| 00| 0 eng d
024 _a54228
037 _cTextual
040 _aCRL
_cCRL
_beng
041 _2eng
_aeng
082 _aO111,2M96,11, 32K3
100 _aSherwood Robert
_9624721
245 0 _aAbe lincoln in illionis
260 _c1963
300 _a133p.
_ccm.
650 _a ENGLISH LITERATURE
650 _aENGLISH DRAMA
942 _hO111,2M96,11, 32K3
_cTEXL
_2cc
999 _c1028875
_d1028875